| 000 | 00953cam a2200253 4500 | ||
|---|---|---|---|
| 001 | ABS61450 | ||
| 008 | 000000n1999 000 0 eng u | ||
| 035 | _a(Sirsi) u100551 | ||
| 100 | _aMcNamee, D. | ||
| 245 | _aRisk management today and tomorrow | ||
| 260 | _c1999 | ||
| 490 |
_aBuilding Economist _v September 1999, 4-16(12) |
||
| 520 | _aAn overview article which considers that understanding risk and the practice of risk management is a central issue of management. Attempts to define risk and risk management and what it means to manage risk. Although written for the New Zealand public sector it also discusses risk management issues in Australia, the UK and Europe. | ||
| 590 | _aABS | ||
| 650 | _aRISK MANAGEMENT | ||
| 650 | _aNEW ZEALAND | ||
| 650 | _aAUSTRALIA | ||
| 650 | _aEUROPE | ||
| 650 | _aUNITED KINGDOM | ||
| 650 | _aRISK ASSESSMENT | ||
| 650 | _aRISK ANALYSIS | ||
| 690 |
_aProject management _96261 |
||
| 942 | _n0 | ||
| 999 |
_c60150 _d60150 |
||